5HLuxD.jpg

KING HENRY VIII SENIOR AND PRIMARY SCHOOL LIBRARY OPAC

A robot world / (Record no. 3510)

000 -LEADER
fixed length control field 02094cam a22004697i 4500
001 - CONTROL NUMBER
control field 19791894
003 - CONTROL NUMBER IDENTIFIER
control field OSt
005 - DATE AND TIME OF LATEST TRANSACTION
control field 20240205114807.0
008 - FIXED-LENGTH DATA ELEMENTS--GENERAL INFORMATION
fixed length control field 170718t20182017nyua c b 001 0 eng d
010 ## - LIBRARY OF CONGRESS CONTROL NUMBER
LC control number 2017949412
020 ## - INTERNATIONAL STANDARD BOOK NUMBER
International Standard Book Number 9781438050409
Qualifying information (hbk.)
035 ## - SYSTEM CONTROL NUMBER
System control number (OCoLC)on1029816423
040 ## - CATALOGING SOURCE
Original cataloging agency CGP
Language of cataloging eng
Transcribing agency CGP
Description conventions rda
Modifying agency OCLCO
-- NYP
-- OCLCF
-- QQ3
-- YDX
-- BTCTA
-- ILCBP
-- UAP
-- EHH
-- DLC
-- KH8
042 ## - AUTHENTICATION CODE
Authentication code lccopycat
082 04 - DEWEY DECIMAL CLASSIFICATION NUMBER
Classification number 629.8 GIF
Edition number 23
100 1# - MAIN ENTRY--PERSONAL NAME
Personal name Gifford, Clive,
Relator term author.
245 12 - TITLE STATEMENT
Title A robot world /
Statement of responsibility, etc. Clive Gifford.
250 ## - EDITION STATEMENT
Edition statement First edition for North America.
264 #1 - PRODUCTION, PUBLICATION, DISTRIBUTION, MANUFACTURE, AND COPYRIGHT NOTICE
Place of production, publication, distribution, manufacture Hauppauge, New York :
Name of producer, publisher, distributor, manufacturer Barron's,
Date of production, publication, distribution, manufacture, or copyright notice 2018.
264 #4 - PRODUCTION, PUBLICATION, DISTRIBUTION, MANUFACTURE, AND COPYRIGHT NOTICE
Date of production, publication, distribution, manufacture, or copyright notice ©2017
300 ## - PHYSICAL DESCRIPTION
Extent 64 pages :
Other physical details illustrations (chiefly color) ;
Dimensions 30 cm
336 ## - CONTENT TYPE
Content type term text
Content type code txt
Source rdacontent
336 ## - CONTENT TYPE
Content type term still image
Content type code sti
Source rdacontent
337 ## - MEDIA TYPE
Media type term unmediated
Media type code n
Source rdamedia
338 ## - CARRIER TYPE
Carrier type term volume
Carrier type code nc
Source rdacarrier
500 ## - GENERAL NOTE
General note Originally published: London : Franklin Watts, 2017.
500 ## - GENERAL NOTE
General note "Discover amazing robots and thier robotic powers"--Cover.
504 ## - BIBLIOGRAPHY, ETC. NOTE
Bibliography, etc. note Includes bibliographical references (page 63) and index.
520 ## - SUMMARY, ETC.
Summary, etc. In today's wired world, robots are everywhere, from movies, in space, as part of computer games--maybe even walking among us. This is a look at their rise: how they've developed over time, from early sketches to terrifying battlebots and factory operatives, to the latest AIs running free from their workshops. Presented chronologically, this robot history explores landmark robots that have captured the imagination, including creations from popular culture.
521 8# - TARGET AUDIENCE NOTE
Target audience note Ages 9+.
650 #0 - SUBJECT ADDED ENTRY--TOPICAL TERM
Topical term or geographic name entry element Robots
General subdivision Design and construction
Form subdivision Juvenile literature.
650 #0 - SUBJECT ADDED ENTRY--TOPICAL TERM
Topical term or geographic name entry element Robots
Form subdivision Juvenile literature.
650 #0 - SUBJECT ADDED ENTRY--TOPICAL TERM
Topical term or geographic name entry element Robotics
Form subdivision Juvenile literature.
650 #1 - SUBJECT ADDED ENTRY--TOPICAL TERM
Topical term or geographic name entry element Robots.
650 #1 - SUBJECT ADDED ENTRY--TOPICAL TERM
Topical term or geographic name entry element Robotics.
650 #7 - SUBJECT ADDED ENTRY--TOPICAL TERM
Topical term or geographic name entry element Robotics.
Source of heading or term fast
Authority record control number or standard number (OCoLC)fst01098997
650 #7 - SUBJECT ADDED ENTRY--TOPICAL TERM
Topical term or geographic name entry element Robots.
Source of heading or term fast
Authority record control number or standard number (OCoLC)fst01099038
650 #7 - SUBJECT ADDED ENTRY--TOPICAL TERM
Topical term or geographic name entry element Robots
General subdivision Design and construction.
Source of heading or term fast
Authority record control number or standard number (OCoLC)fst01099054
655 #4 - INDEX TERM--GENRE/FORM
Genre/form data or focus term Nonfiction.
655 #7 - INDEX TERM--GENRE/FORM
Genre/form data or focus term Juvenile works.
Source of term fast
Authority record control number or standard number (OCoLC)fst01411637
942 ## - ADDED ENTRY ELEMENTS (KOHA)
Source of classification or shelving scheme
Koha item type Books - Non Ficton
Holdings
Withdrawn status Lost status Source of classification or shelving scheme Damaged status Not for loan Collection code Permanent Location Current Location Shelving location Date acquired Total Checkouts Total Renewals Full call number Barcode Date due Date last seen Date last checked out Price effective from Koha item type
          Non-Fiction KH8 Primary School Library KH8 Primary School Library Non Fiction 2024-02-05 12 1 629.8 GIF KHPL000004457 2026-04-24 2026-04-16 2026-04-16 2024-02-05 Books - Non Ficton

Powered By KH8 IT Dept